000 00288nam a22001337a 4500
008 170717b xxu||||| |||| 00| 0 eng d
020 _a9780882430997
041 _aeng
080 _a2
100 _a24
101 _aTEO
245 _aPEOPLE OF THE SPIRIT
_cMCGEE, G.B
942 _2udc
_cBK
999 _c21303
_d21303